Nowe metody badań mikrobiologicznych w przemyśle spożywczym / (Rekord nr 42580)
| 000 -ETYKIETA REKORDU | |
|---|---|
| podpole kontrolne o stałej długości | 01684nam a2200517 i 4500 |
| 001 - NUMER KONTROLNY REKORDU | |
| pole kontrolne | 42580 |
| 003 - IDENTYFIKATOR NUMERU KONTROLNEGO REKORDU | |
| podpole kontrolne | KOSZ 005 |
| 005 - DATA OSTATNIEJ MODYFIKACJI REKORDU | |
| podpole kontrolne | 20200714125956.0 |
| 008 - POLE O STAŁEJ DŁUGOŚCI - DANE KONTROLNE | |
| podpole kontrolne o stałej długości | 030624s2003 pl f |000 0 pol |
| 015 ## - NUMER BIBLIOGRAFII NARODOWEJ | |
| Numer bibliografii narodowej | PB 2003/14502 |
| 020 ## - MIĘDZYNARODOWY ZNORMALIZOWANY NUMER KSIĄŻKI - ISBN | |
| ISBN | 838503885X |
| 035 ## - NUMER SYSTEMOWY | |
| Numer systemowy przejętego rekordu | 991020483129705066 |
| 035 ## - NUMER SYSTEMOWY | |
| Numer systemowy przejętego rekordu | (PL-WaBN)b15553930-48omnis_nlop |
| 035 ## - NUMER SYSTEMOWY | |
| Numer systemowy przejętego rekordu | b15553930 |
| 035 ## - NUMER SYSTEMOWY | |
| Numer systemowy przejętego rekordu | (OCoLC)749356793 |
| 035 ## - NUMER SYSTEMOWY | |
| Numer systemowy przejętego rekordu | (PL)b0000001555393 |
| 035 ## - NUMER SYSTEMOWY | |
| Numer systemowy przejętego rekordu | (EXLNZ-48OMNIS_NETWORK)9910499692305606 |
| 040 ## - ŹRÓDŁO KATALOGOWANIA | |
| Instytucja, która sporządziła opis | WA N |
| Instytucja, która utworzyła rekord | WA N |
| Instytucja, która dokonała modyfikacji | KOSZ 005/HR |
| 041 0# - KOD JĘZYKA | |
| Kod języka tekstu | pol |
| 080 ## - UNIWERSALNA KLASYFIKACJA DZIESIĘTNA - UKD | |
| UKD | 664 |
| 080 ## - UNIWERSALNA KLASYFIKACJA DZIESIĘTNA - UKD | |
| UKD | 614.3 |
| 080 ## - UNIWERSALNA KLASYFIKACJA DZIESIĘTNA - UKD | |
| UKD | 579.67 |
| 100 1# - NAZWA OSOBOWA | |
| Nazwa osobowa | Warmińska-Radyko, Iwona |
| Określenie rodzaju współpracy | Autor |
| 245 10 - TYTUŁ/ODPOWIEDZIALNOŚĆ | |
| Tytuł | Nowe metody badań mikrobiologicznych w przemyśle spożywczym / |
| Pozostałe elementy strefy tytułu i oznaczenia odpowiedzialności | Iwona Warmińska-Radyko, Łucja Łaniewska-Trokenheim. |
| 260 ## - STREFA ADRESU WYDAWNICZEGO | |
| Miejsce wydania | Warszawa : |
| Nazwa wydawcy/dystrybutora | "Hoża", |
| Data publikacji, dystrybucji/powstania dokumentu | 2003. |
| 300 ## - STREFA OPISU FIZYCZNEGO | |
| Objętość | 126, [2] s. ; |
| Rozmiary | 17 cm. |
| 336 ## - TYP ZAWARTOŚCI | |
| Źródło (terminu i kodu) | rdacontent |
| Termin opisujący typ zawartości | Tekst |
| Kod określający zawartość | txt |
| 337 ## - TYP MEDIÓW | |
| Źródło (terminu i kodu) | rdamedia |
| Tryb odtwarzania | Bez urządzenia pośredniczącego |
| Kod typu mediów | n |
| 338 ## - TYP/RODZAJ NOŚNIKA | |
| Źródło (terminu i kodu) | rdacarrier |
| Hasło opisujące typ nośnika | Wolumin |
| Kod typu nośnika | nc |
| 380 ## - FORMA I TYP PUBLIKACJI | |
| Forma i typ publikacji | Książki |
| 380 ## - FORMA I TYP PUBLIKACJI | |
| Forma i typ publikacji | Publikacje fachowe |
| 388 ## - CZAS POWSTANIA | |
| Czas powstania | 2001- |
| 490 1# - STREFA SERII I DOKUMENTU WIELOCZĘŚCIOWEGO - FORMA NIE DO WYSZUKIWANIA | |
| Tytuł i oznaczenie odpowiedzialności serii | Biblioteczka Majstra Mleczarskiego |
| 504 ## - UWAGA DOTYCZĄCA BIBLIOGRAFII | |
| Informacje o bibliografii | Bibliogr. |
| 650 #7 - HASŁO PRZEDMIOTOWE W FORMIE NAZWY OGÓLNEJ LUB JEDNOSTKOWEJ | |
| Nazwa ogólna lub geograficzna | Przemysł rolno-spożywczy |
| Źródło hasła lub terminu | DBN |
| 650 #7 - HASŁO PRZEDMIOTOWE W FORMIE NAZWY OGÓLNEJ LUB JEDNOSTKOWEJ | |
| Nazwa ogólna lub geograficzna | Mikrobiologia |
| 650 #7 - HASŁO PRZEDMIOTOWE W FORMIE NAZWY OGÓLNEJ LUB JEDNOSTKOWEJ | |
| Nazwa ogólna lub geograficzna | Żywność |
| Źródło hasła lub terminu | DBN |
| 650 #7 - HASŁO PRZEDMIOTOWE W FORMIE NAZWY OGÓLNEJ LUB JEDNOSTKOWEJ | |
| Nazwa ogólna lub geograficzna | Technologia żywności |
| 658 ## - TERMIN INDEKSOWY - PRZEDMIOT PROGRAMU NAUCZANIA | |
| Główny przedmiot programu nauczania | Biologia |
| 658 ## - TERMIN INDEKSOWY - PRZEDMIOT PROGRAMU NAUCZANIA | |
| Główny przedmiot programu nauczania | Rolnictwo i leśnictwo |
| 700 1# - HASŁO DODATKOWE - NAZWA OSOBOWA | |
| Nazwa osobowa | Łaniewska-Trokenheim, Łucja |
| Określenie związku między hasłem a opisywanym materiałem | Autor |
| 856 ## - LOKALIZACJA I DOSTĘP DO ELEKTRONICZNYCH DOKUMENTÓW ZDALNYCH | |
| Link (URL) | http://koha.tu.koszalin.pl/cgi-bin/koha/opac-detail.pl?biblionumber=42580 |
| Tekst linku | Katalog online BPK |
| 830 #0 - HASŁO DODATKOWE SERII LUB DOKUMENTU WIELOCZĘŚCIOWEGO - TYTUŁ UJEDNOLICONY | |
| Tytuł ujednolicony | Biblioteczka Majstra Mleczarskiego |
| 942 ## - DODATKOWE ELEMENTY (KOHA) | |
| Schemat klasyfikacji | Uniwersalna Klasyfikacja Dziesiętna |
| Typ dokumentu | Książka |
| Wycofany | Status egzemplarza | Uszkodzony | Dostępność | Lokalizacja stała | Lokalizacja bieżąca | Miejsce przechowywania | Sygnatura | Kod kreskowy | Dział | Typ dokumentu | Ostatnio wypożyczono |
|---|---|---|---|---|---|---|---|---|---|---|---|
| Tylko na miejscu | Biblioteka Politechniki Koszalińskiej | Biblioteka Politechniki Koszalińskiej | Czytelnia BG | 66918 | 01980431 | 579 Mikrobiologia | Książka | ||||
| Dostępny | Biblioteka Politechniki Koszalińskiej | Biblioteka Politechniki Koszalińskiej | Wypożyczalnia BG | 66919 | 01980424 | Książka | |||||
| Dostępny | Biblioteka Politechniki Koszalińskiej | Biblioteka Politechniki Koszalińskiej | Wypożyczalnia BG | 66920 | 01980417 | Książka | |||||
| Dostępny | Biblioteka Politechniki Koszalińskiej | Biblioteka Politechniki Koszalińskiej | Wypożyczalnia BG | 66921 | 01980400 | Książka | 20.04.2018 | ||||
| Dostępny | Biblioteka Politechniki Koszalińskiej | Biblioteka Politechniki Koszalińskiej | Wypożyczalnia BG | 66922 | 01980394 | Książka | 12.02.2021 |
